000 00687nam a2200265Ia 4500
003 OSt
005 20221007095157.0
006 a|||||r|||| 00| 0
007 ta
008 221006b |||||||| |||| 00| 0 eng d
020 _a817829320X
024 _a1,009
037 _cReference Collections
040 _aLCO
_cLCO
_beng
041 _2eng
_aeng
082 _aY15:45:6, P4
100 _aSilva N.
_9700913
245 0 _aGendered Nation
250 _a1st
260 _aNew
_bDelhi Sage Publications India
_c2004
300 _a256
650 _aGendered Nation
_9700914
942 _hY15:45:6, P4
_cREF
999 _c1170572
_d1170572